| 000 | 01252nam a22002777a 4500 | ||
|---|---|---|---|
| 003 | dpl | ||
| 005 | 20180829122127.0 | ||
| 008 | 180829b xxu||||| |||| 00| 0 eng d | ||
| 010 | _aB-013305 | ||
| 020 |
_c150.00 _a8170164818 |
||
| 035 | _aB-013305, B-013309 | ||
| 037 | _bCen Lib / Ret | ||
| 040 |
_aDPL _bHN _c0 |
||
| 082 |
_a080 _bनिगम |
||
| 100 |
_a निगम, हरिकृष्ण _982144 |
||
| 245 |
_aनयी सहस्त्राब्दी : _cहरिकृष्ण निगम _bआज के प्रश्न और संभावित समाधान / |
||
| 246 |
_aNayi sahastrabadi : aj ke prashan aur sambhavit samadhan / _bby Hrikrishan Nigam |
||
| 260 |
_a नयी दिल्ली _bकिताबघर प्रकाशन _c2000 |
||
| 270 |
_a नयी दिल्ली _b24, अंसारी रोड, दरियागंज _e110002 |
||
| 300 |
_a158पृ. _c20सेमी (सजिल्द) |
||
| 650 |
_aआतंकवाद _982145 |
||
| 650 |
_aअंतर्राष्ट्रीय अर्थनीति _982146 |
||
| 650 |
_aTerrorism _92076 |
||
| 650 |
_aInternational economics _918033 |
||
| 942 |
_2ddc _cHN _h080 _mनिगम |
||
| 999 |
_c118842 _d118842 |
||